The Dictator Files: Kim-Jong Un - Statistics

General Stats
  • This quiz has been taken 256 times
  • The average score is 8 of 15
Answer Stats
Hint Answer % Correct
Country he Leads North Korea
100%
Leader after the Above, his father Kim-Jong-Il
96%
First Leader of above Country, also his Grandfather Kim-Il-Sung
94%
Formally Ended the Korean War by signing a peace treaty with this country South Korea
91%
He is a fan of this sport Basketball
72%
Kim-Yo-Jong was made De Facto second in Command by Kim. She has this relation with him Sister
64%
For Sometime in his Childhood, Kim lived in this country Switzerland
56%
He is friends with this Basketball Player Dennis Rodman
53%
The first US-North Korea summit was held in this city Singapore
43%
His exiled brother was mysteriously killed in this city's airport Kuala Lumpur
40%
Political Party Workers Party of Korea
35%
He made history when he sent a large delegation of North Korean's to this major sporting event being hosted in South Korea Winter Olympics
33%
Kim-Jong Un has this disease Diabetes
30%
In 2016, Barack Obama placed sanctions on Kim for violation of this Human Rights
25%
During his Leadership, North Korea tested a lot of these Missles
7%
No matching quizzes found
Score Distribution
Percent of People with Each Score
Percentile by Number Answered
Your Score History
You have not taken this quiz